000
00251nam a22001097a 4500
082
_a
900/SIN
100
_a
Singh,Sukhbir
_9
83513
245
_a
1857 The Indian Uprising
260
_a
Delhi
_b
Academic Aspirations
_c
2022
650
_a
History
942
_c
BK
999
_c
68453
_d
68453